00960nam a2200265 ia450000500170000000800410001702000380005804000250009608200140012110000280013524501060016326400680026926400110033730000470034833600350039533700250043033800230045549000190047850000330049765000500053065000320058070000340061270000290064683000190067520211024154557.0211010t2020 mya|||b ||| ||0 1 eng d a9789837723443cRM 9.90qpaperback aPPAKbengcPPAKerda04223a428.61 aReed, Susannaheauthor.10aWhy is plastic bad? /cWritten by Susannah Reed ; Illustrated by Abdi ; Series editor: Rebecca Adlard 1aPetaling Jaya, Selangor Darul Ehsan :bSasbadi Sdn. Bhd.,c2020 4c©2020 a23 pages :bcolour illustrations ;c21 cm. 2rdacontentatextastill images 2rdamediaaunmediated 2rdacarrieravolume1 apeapod readers aReader level 4 CEFR Lower A110aEnglish language xReaders (Primary)vFiction20aChildren's stories, English2 aAbdieillustrator.c(Beehive)1 aAdlard, Rebeccaeeditor. 0apeapod readers